US States Containing 'A' - Statistics

General Stats
  • This quiz has been taken 684 times
    680 since last reset
  • The average score is 32 of 36
Answer Stats
State % Correct
Alabama
97%
California
97%
Alaska
95%
Arkansas
95%
North Dakota
94%
South Dakota
94%
Arizona
93%
Florida
93%
North Carolina
93%
Hawaii
91%
Kansas
91%
Maine
91%
South Carolina
91%
Texas
91%
Washington
91%
Georgia
90%
Virginia
89%
Delaware
88%
Idaho
86%
Indiana
86%
Massachusetts
86%
Montana
86%
West Virginia
86%
Louisiana
85%
Iowa
84%
Utah
84%
Nevada
83%
Maryland
82%
Michigan
82%
New Hampshire
82%
Pennsylvania
82%
Nebraska
81%
Colorado
80%
Minnesota
79%
Oklahoma
76%
Rhode Island
76%
No matching quizzes found
Score Distribution
Percent of People with Each Score
Percentile by Number Answered
Your Score History
You have not taken this quiz since the last reset